SNL Season 51 Cast - Statistics

General Stats
  • This quiz has been taken 82 times
  • The average score is 11 of 17
Answer Stats
Type Years Answer % Correct
cast 2014- Michael Che
89%
cast 2014- Colin Jost
86%
cast 2003- Kenan Thompson
86%
Former Cast 2019-2025 Bowen Yang
72%
cast 2016- Mikey Day
72%
cast 2019- Chloe Fineman
71%
fp 2024- Ashley Padilla
67%
cast 2021- James Austin Johnson
66%
cast 2022- Marcello Hernandez
66%
cast 2021- Sarah Sherman
65%
fp 2024- Jane Wickline
53%
cast 2020- Andrew Dismukes
52%
fp 2025- Kam Patterson
48%
fp 2025- Ben Marshall
44%
fp 2025- Veronika Slowikowska
43%
fp 2025- Jeremy Culhane
42%
fp 2025- Tommy Brennan
37%
No matching quizzes found
Score Distribution
Percent of People with Each Score
Percentile by Number Answered
Your Score History
You have not taken this quiz